[Event "13. Sparkassen Open 2014 - Gruppe A"]
[Site "Forchheim"]
[Date "2014.10.05"]
[Round "5.23"]
[White "Kolthoff, Siegmund"]
[Black "Meulner, Klaus"]
[Result "0-1"]
[WhiteElo "2073"]
[BlackElo "2114"]
[PlyCount "44"]
[EventDate "2014.??.??"]
[WhiteTeam "BW Buchholz"]
[BlackTeam "SW Nürnberg"]

1. c4 e5 2. g3 Nf6 3. Bg2 h6 4. Nc3 Bb4 5. Nf3 Nc6 6. O-O Bxc3 7. bxc3 O-O 8.
c5 e4 9. Ne1 b6 10. d3 Re8 11. f3 exd3 12. Nxd3 bxc5 13. e4 d6 14. Re1 c4 15.
Nf4 Ne5 16. Be3 a5 17. Re2 g5 18. Nd5 g4 19. Nxf6+ Qxf6 20. fxg4 Bxg4 21. Bf4
Rab8 22. Rc1 Nd3 0-1

[Event "13. Sparkassen Open 2014 - Gruppe A"]
[Site "Forchheim"]
[Date "2014.10.05"]
[Round "5.24"]
[White "Fischer-Brandies, Alexander"]
[Black "Lenhardt, Manfred"]
[Result "0-1"]
[WhiteElo "1931"]
[BlackElo "2112"]
[PlyCount "94"]
[EventDate "2014.??.??"]
[WhiteTeam "Gautinger SC"]
[BlackTeam "SC Weisse Dame"]

1. d4 d5 2. Bf4 c6 3. e3 Nf6 4. Nf3 Bg4 5. c4 e6 6. Qb3 Qc8 7. Ne5 Bf5 8. Be2
h6 9. Nc3 Be7 10. Rc1 O-O 11. g4 dxc4 12. Qxc4 Bh7 13. Bf3 Nbd7 14. e4 Nxe5 15.
dxe5 Nd7 16. h4 Qc7 17. Bg3 Nxe5 18. Be2 Nxc4 19. Bxc7 Rac8 20. Bxc4 Rxc7 21.
Ke2 Rd7 22. h5 Rfd8 23. Rhd1 Rxd1 24. Rxd1 Rxd1 25. Kxd1 Bf6 26. f3 Bxc3 27.
bxc3 Kf8 28. e5 Ke7 29. Kd2 f6 30. f4 fxe5 31. fxe5 Be4 32. Be2 Kd7 33. Ke3 Bg2
34. c4 c5 35. a4 Bc6 36. a5 Kc7 37. Kd2 b6 38. Kc3 bxa5 39. Kb2 Kb6 40. Ka3 a4
41. Bd1 Ka5 42. Be2 Be4 43. g5 Bf5 44. gxh6 gxh6 45. Bf3 Bd3 46. Bd5 exd5 47.
cxd5 Bc4 0-1

[Event "13. Sparkassen Open 2014 - Gruppe A"]
[Site "Forchheim"]
[Date "2014.10.05"]
[Round "5.25"]
[White "Pichl, Michael"]
[Black "Schulz, Lukas"]
[Result "0-1"]
[WhiteElo "2037"]
[BlackElo "2000"]
[PlyCount "48"]
[EventDate "2014.??.??"]
[WhiteTeam "SV Empor Erfurt"]
[BlackTeam "SC Höchstadt/Aisch"]

1. g3 e5 2. Bg2 d5 3. c4 c6 4. Qa4 dxc4 5. Qxc4 Nf6 6. Nf3 e4 7. Ng5 Qd5 8. d3
Qxc4 9. dxc4 Bf5 10. Nc3 Bb4 11. Bd2 Bxc3 12. Bxc3 Nbd7 13. O-O O-O 14. Rfd1
Rfe8 15. Rd4 h6 16. Nh3 Nc5 17. Nf4 Na4 18. Rc1 Nxc3 19. Rxc3 g5 20. Nh3 Rad8
21. Rxd8 Rxd8 22. f3 Rd4 23. Kf1 exf3 24. Rxf3 Ng4 0-1

[Event "13. Sparkassen Open 2014 - Gruppe A"]
[Site "Forchheim"]
[Date "2014.10.05"]
[Round "5.26"]
[White "Muth, Matthias P"]
[Black "Nussbaumer, Johann"]
[Result "1-0"]
[WhiteElo "2040"]
[BlackElo "2041"]
[PlyCount "65"]
[EventDate "2014.??.??"]
[WhiteTeam "Gelnhausen"]

1. e4 d5 2. exd5 Qxd5 3. Nc3 Qd6 4. Nf3 a6 5. d4 Nf6 6. Bc4 b5 7. Bb3 e6 8. O-O
Nbd7 9. Re1 c5 10. a4 c4 11. Ba2 b4 12. Ne2 Qc6 13. Nf4 Be7 14. Qe2 Bb7 15.
Bxc4 Rc8 16. Bxe6 fxe6 17. Nxe6 Qe4 18. Qd2 Qxc2 19. Nxg7+ Kd8 20. Ng5 Bd5 21.
Qe3 Ng8 22. Qf3 Ndf6 23. N5e6+ Bxe6 24. Nxe6+ Ke8 25. d5 Kf7 26. Be3 Qg6 27.
Bd4 Nh6 28. Rad1 Nf5 29. Bxf6 Qxf6 30. Nf4 Rhg8 31. Re6 Qg5 32. Rde1 Rc4 33.
Nh3 1-0

[Event "13. Sparkassen Open 2014 - Gruppe A"]
[Site "Forchheim"]
[Date "2014.10.05"]
[Round "5.27"]
[White "Wichmann, Adrian"]
[Black "Grüttner, Ralf"]
[Result "0-1"]
[WhiteElo "1881"]
[BlackElo "2107"]
[PlyCount "62"]
[EventDate "2014.??.??"]
[WhiteTeam "SC Forchheim"]
[BlackTeam "SK Freising"]

1. e4 e5 2. Nf3 Nc6 3. Bc4 Bc5 4. b4 Bxb4 5. c3 Be7 6. d4 Na5 7. Be2 exd4 8.
cxd4 d5 9. e5 Bb4+ 10. Bd2 Bxd2+ 11. Nbxd2 Ne7 12. O-O O-O 13. Rc1 c6 14. Bd3
Bf5 15. Qc2 Bxd3 16. Qxd3 Ng6 17. Qf5 Qc8 18. Qg5 h6 19. Qe3 Qd7 20. Ne1 f6 21.
f4 fxe5 22. fxe5 Rxf1+ 23. Kxf1 Rf8+ 24. Kg1 Nf4 25. Nd3 Qg4 26. Nxf4 Qxf4 27.
Qd3 Nc4 28. Rf1 Qxd2 29. Rxf8+ Kxf8 30. Qf5+ Ke7 31. h3 Qxg2+ 0-1

[Event "13. Sparkassen Open 2014 - Gruppe A"]
[Site "Forchheim"]
[Date "2014.10.05"]
[Round "5.28"]
[White "Monninger, Moritz"]
[Black "Pölsterl, Hans"]
[Result "1-0"]
[WhiteElo "2152"]
[BlackElo "1973"]
[PlyCount "111"]
[EventDate "2014.??.??"]
[WhiteTeam "SV Puschendorf"]
[BlackTeam "SG Siemens Erlangen"]

1. d4 Nf6 2. Bg5 d6 3. Bxf6 exf6 4. e3 g6 5. g3 Bg7 6. Bg2 Nd7 7. Ne2 f5 8. c4
O-O 9. O-O Re8 10. Nbc3 Rb8 11. Nb5 a6 12. Na7 Nf6 13. Nxc8 Qxc8 14. b4 Ne4 15.
Rb1 Qe6 16. Qc2 h5 17. Nf4 Qe7 18. Nd3 h4 19. c5 hxg3 20. hxg3 Bf6 21. Rfc1
Nxg3 22. fxg3 Qxe3+ 23. Nf2 Bxd4 24. Rb3 Qe2 25. Rf3 Qxc2 26. Rxc2 Re1+ 27. Bf1
dxc5 28. bxc5 Rbe8 29. Rd3 Bf6 30. Kg2 R8e6 31. Rd7 Re7 32. c6 bxc6 33. Rxe7
Bxe7 34. Bxa6 c5 35. Re2 Rxe2 36. Bxe2 Bg5 37. a4 Bd2 38. Bc4 Kf8 39. Nd3 Bc3
40. Nxc5 Ke7 41. Nb3 c6 42. a5 Be5 43. a6 Bb8 44. Na5 Kd6 45. Nb7+ Kc7 46. Bxf7
g5 47. Be6 f4 48. g4 Kb6 49. Bc4 Ba7 50. Nd8 Kc5 51. Be2 Kd6 52. Nf7+ Ke7 53.
Nxg5 Kf6 54. Nh3 Ke5 55. Kf3 Kf6 56. Nxf4 1-0

[Event "13. Sparkassen Open 2014 - Gruppe A"]
[Site "Forchheim"]
[Date "2014.10.05"]
[Round "5.29"]
[White "Reuter, Roland"]
[Black "Kirchhof, Arno"]
[Result "1-0"]
[WhiteElo "1998"]
[BlackElo "2053"]
[PlyCount "99"]
[EventDate "2014.??.??"]
[WhiteTeam "SK Schwabach"]
[BlackTeam "SC Zugzwang 95"]

1. Nf3 d5 2. c4 c6 3. d4 Nf6 4. Nc3 g6 5. Bf4 Bg7 6. e3 Nbd7 7. h3 O-O 8. Qc2
dxc4 9. Bxc4 Nb6 10. Bb3 Nbd5 11. Nxd5 Nxd5 12. Bg3 Nf6 13. Nd2 Qa5 14. O-O Rd8
15. Nc4 Qh5 16. Ne5 Rf8 17. Qc5 Ne4 18. Qxe7 Bf6 19. Bxf7+ Kg7 20. Bxg6+ Bxe7
21. Bxh5 Nxg3 22. fxg3 Be6 23. Be2 Bd6 24. Bg4 Bxe5 25. Bxe6 Bxg3 26. Rxf8 Rxf8
27. Rf1 Re8 28. Rf3 Bd6 29. Bb3 Re7 30. Kf2 c5 31. Rf5 b6 32. Kf3 cxd4 33. exd4
h6 34. g4 Bh2 35. h4 Bg1 36. Rf4 Rd7 37. d5 Bc5 38. g5 hxg5 39. hxg5 Bd6 40.
Re4 Bc5 41. Kg4 a5 42. a4 Rd8 43. Re6 Rf8 44. Bc4 Rf2 45. Re2 Rf8 46. b3 Rf7
47. Re6 Rf2 48. Rc6 Rf8 49. Rc7+ Rf7 50. d6 1-0

[Event "13. Sparkassen Open 2014 - Gruppe A"]
[Site "Forchheim"]
[Date "2014.10.05"]
[Round "5.30"]
[White "Auburger, Philipp"]
[Black "Vennemann, Jürgen"]
[Result "1-0"]
[WhiteElo "1972"]
[BlackElo "1937"]
[PlyCount "61"]
[EventDate "2014.??.??"]
[WhiteTeam "SC Forchheim"]
[BlackTeam "SC Hersbruck"]

1. e4 c6 2. c4 d5 3. cxd5 cxd5 4. exd5 Nf6 5. Bb5+ Bd7 6. Bc4 b5 7. Bb3 Na6 8.
Nf3 Nb4 9. O-O Nbxd5 10. Nc3 e6 11. Re1 Be7 12. Nxd5 Nxd5 13. Bxd5 exd5 14. Qe2
f6 15. Nd4 Kf7 16. Qh5+ g6 17. Qxd5+ Kg7 18. Nxb5 Re8 19. d4 Bb4 20. Rd1 Re2
21. Nc3 Bxc3 22. bxc3 Ba4 23. Qxd8 Rxd8 24. Rf1 Rc8 25. Rb1 Rxc3 26. Rb7+ Kg8
27. Rxa7 Rxa2 28. Bh6 Rca3 29. Rg7+ Kh8 30. Rf7 Kg8 31. Rf8# 1-0

[Event "13. Sparkassen Open 2014 - Gruppe A"]
[Site "Forchheim"]
[Date "2014.10.05"]
[Round "5.31"]
[White "Reimann, Gunther"]
[Black "Zeltner, Ottmar"]
[Result "1-0"]
[WhiteElo "1981"]
[BlackElo "2041"]
[PlyCount "87"]
[EventDate "2014.??.??"]
[WhiteTeam "SC Winnenden"]
[BlackTeam "SK Rothenburg"]

1. e4 e5 2. Nf3 Nc6 3. d4 exd4 4. Nxd4 Nf6 5. Nxc6 bxc6 6. Bd3 d6 7. O-O Be7 8.
Bf4 O-O 9. Nc3 Bg4 10. Qd2 Nd7 11. Be3 Ne5 12. Ba6 Bc8 13. Be2 Be6 14. b3 f6
15. h3 Bc8 16. f4 Nf7 17. Rad1 Bb7 18. Bf3 Qc8 19. Qf2 f5 20. exf5 Qxf5 21. g4
Qa5 22. Ne2 Bf6 23. Nd4 d5 24. c4 Rfe8 25. Rc1 c5 26. b4 Qxb4 27. Nc2 Qxc4 28.
Bxc5 Qxf4 29. Qg2 Qa4 30. Rb1 Ba6 31. Rfd1 Bc4 32. g5 Bxg5 33. Rb4 Qd7 34. Rxc4
c6 35. Rg4 Bf6 36. Bd4 Ne5 37. Bxe5 Rxe5 38. Nb4 Rae8 39. Nxc6 Re1+ 40. Rxe1
Rxe1+ 41. Kf2 Ra1 42. Bxd5+ Kf8 43. Qe4 Rd1 44. Qb4+ 1-0

[Event "13. Sparkassen Open 2014 - Gruppe A"]
[Site "Forchheim"]
[Date "2014.10.05"]
[Round "5.32"]
[White "Birkenmaier, Rainer"]
[Black "Poghosyan, Tigran"]
[Result "1-0"]
[WhiteElo "2077"]
[BlackElo "1927"]
[PlyCount "55"]
[EventDate "2014.??.??"]
[WhiteTeam "TG Biberach"]
[BlackTeam "Lübecker SV"]

1. d4 Nf6 2. Nf3 g6 3. Bg5 Ne4 4. Bh4 c5 5. Nbd2 d5 6. c3 Bg7 7. e3 Nc6 8. Nxe4
dxe4 9. Nd2 cxd4 10. exd4 Bf5 11. Bb5 Qb6 12. Qb3 Bd7 13. Nxe4 O-O 14. Nc5 Nxd4
15. Nxd7 Nxb3 16. Nxb6 axb6 17. Rb1 Ra5 18. Bxe7 Rc8 19. axb3 Rxb5 20. Kd2 Rd5+
21. Kc2 Re5 22. Rbe1 Rxe1 23. Rxe1 Re8 24. Re3 Rc8 25. Rd3 Bf8 26. Bxf8 Kxf8
27. Rd7 Re8 28. Kd2 1-0